000 00312nam a2200121Ia 4500
005 20251222143136.0
008 251222s9999||||xx |||||||||||||| ||spa||
082 _a519.5/W43
100 _aWelkowitz, Joan
245 0 _aEstadística Aplicada a Las Ciencias de la Educación
264 _bSantillana
942 _cLIB
999 _c12118
_d12118